The rise of fallen angels : (Record no. 328)

MARC details
000 -LEADER
fixed length control field 01029cam a2200301 a 4500
001 - CONTROL NUMBER
control field 1174740
003 - CONTROL NUMBER IDENTIFIER
control field GBCCL
005 - DATE AND TIME OF LATEST TRANSACTION
control field 20241126110335.0
008 - FIXED-LENGTH DATA ELEMENTS--GENERAL INFORMATION
fixed length control field 951121s1995 ilu b 000 0 eng
010 ## -
-- 96207805
020 ## - INTERNATIONAL STANDARD BOOK NUMBER
International Standard Book Number 0802471897
040 ## - CATALOGING SOURCE
Original cataloging agency DLC
Transcribing agency DLC
Modifying agency DLC
050 00 -
-- BV3790
-- .B7658 1995
082 00 - DEWEY DECIMAL CLASSIFICATION NUMBER
Classification number 269
Edition information 21
Item number BUB
100 1# - MAIN ENTRY--PERSONAL NAME
Personal name Bubeck, Mark I.
9 (RLIN) 341
245 14 - TITLE STATEMENT
Title The rise of fallen angels :
Remainder of title victory over the adversary through spiritual renewal /
Statement of responsibility, etc. Mark I. Bubeck.
260 ## - PUBLICATION, DISTRIBUTION, ETC.
Place of publication, distribution, etc. Chicago :
Name of publisher, distributor, etc. Moody Press,
Date of publication, distribution, etc. c1995.
300 ## - PHYSICAL DESCRIPTION
Extent 244 p. ;
Dimensions 22 cm.
500 ## - GENERAL NOTE
General note Rev. ed. of: The satanic revival. 1993.
504 ## - BIBLIOGRAPHY, ETC. NOTE
Bibliography, etc. note Includes bibliographical references (p. [241]-244).
650 #0 - SUBJECT ADDED ENTRY--TOPICAL TERM
Topical term or geographic name entry element Revivals.
9 (RLIN) 344
650 #0 - SUBJECT ADDED ENTRY--TOPICAL TERM
Topical term or geographic name entry element Satanism.
9 (RLIN) 345
700 1# - ADDED ENTRY--PERSONAL NAME
Personal name Bubeck, Mark I.
Title of a work Satanic revival.
9 (RLIN) 346
906 ## - LOCAL DATA ELEMENT F, LDF (RLIN)
a 7
b cbc
c orignew
d 3
e ncip
f 19
g y-gencatlg
942 ## - ADDED ENTRY ELEMENTS (KOHA)
Source of classification or shelving scheme Dewey Decimal Classification
Koha item type Books
Koha issues (borrowed), all copies 2
Holdings
Withdrawn status Lost status Source of classification or shelving scheme Damaged status Not for loan Home library Current Library Shelving location Date acquired Total checkouts Full call number Barcode Date last seen Date last checked out Copy number Price effective from Koha item type
    Dewey Decimal Classification     GRACE BIBLE COLLEGE GRACE BIBLE COLLEGE Ministry & Mission 2016-10-19 2 269 BUB 005815 2025-05-01 2018-09-24 c.1 2016-10-19 Books
© Grace Bible College Library 2025